00680nam a2200181 a 450000100100000000500170001000800410002704000250006808200150009310000280010824501160013626000450025230000200029750000420031704900090035995201130036899900170048100002549820200930023830.0110217s1989 dr 000 0 spa d aDO-SdBNPbspacBNPHU axxxbM169p1 aMacnutt, Francis95214213aEl poder de sanación parte III :bsufrimiento y muerte /cFrancis Macnutt ; traductor Miguel A. Lugo-López. aSanto Domingo :bAmigo del Hogar,c1989. a59 p. ;c19 cm. aIncluye notas al pie de las páginas aBNPD 0010718PDaPDbPDcCTd2011-02-17iLF1l0oxxx M169pp25498-10r2020-06-25w2020-06-25yLFPDZNo se presta c24990d24990